000 01291cam a2200349 a 4500
001 16580326
003 BD-DhSAU
005 20230926100637.0
008 101215s2012 ohua b 001 0 eng d
020 _a9780538481656 (student ed.)
020 _a053848165X (student ed.)
020 _a9780538481649 (hbk. : student ed. pkg.)
020 _a0538481641 (hbk. : student ed. pkg.)
040 _aBD-DhSAU
082 0 4 _a519.5 An2336
_222
100 1 _aAnderson, David R.
_q(David Ray),
_d1941-
245 1 0 _aStatistics for business and economics /
_cDavid R. Anderson, Dennis J. Sweeney, Thomas A. Williams.
246 3 0 _aStatistics for business & economics
250 _a12th ed., rev.
260 _aMason, Ohio :
_bSouth-Western Cengage Learning,
_cc2012.
300 _axxii, 1088 p. :
_bcol. ill. ;
_c27 cm.
500 _aContains a website access card.
504 _aIncludes bibliographical references (p. [976]-977) and index.
590 _aroy
650 0 _aCommercial statistics
_xMethodology.
650 0 _aEconomics
_xStatistical methods.
650 0 _aStatistics.
700 1 _aSweeney, Dennis J.
700 1 _aWilliams, Thomas A.
_q(Thomas Arthur),
_d1944-
942 _2ddc
_cBOOK
999 _c17047
_d17046